[Event "St Petersburg White Nights op"]
[Site "St Petersburg"]
[Date "2007.07.02"]
[Round "8"]
[White "Bragina, Anastasia"]
[Black "Mironovich, Mark"]
[Result "1-0"]
[WhiteElo "2050"]
[BlackElo "1946"]
[PlyCount "83"]
[EventDate "2007.06.25"]
[EventType "swiss"]
[EventRounds "9"]
[EventCountry "RUS"]
[SourceTitle "CBM 119 Extra"]
[Source "ChessBase"]
[SourceDate "2007.09.04"]
[SourceVersion "1"]
[SourceVersionDate "2007.09.04"]
[SourceQuality "1"]

1. e4 c5 2. Nf3 d6 3. c3 Nf6 4. Bc4 Bd7 5. d3 g6 6. 0-0 b5 7. Bb3 Bg7 8. e5 dxe5 9. Nxe5 0-0 10. Qf3 Na6 11. Bg5 Qc8 12. Re1 Rb8 13. Nd2 Rb6 14. Qe2 Be6 15. c4 b4 16. Ndf3 h6 17. Bh4 g5 18. Bg3 Nh5 19. Ba4 Nxg3 20. hxg3 Nb8 21. d4 g4 22. Nh2 cxd4 23. Nhxg4 d3 24. Qf3 Bxg4 25. Nxg4 Bxb2 26. Rab1 Bc3 27. Rxe7 Rg6 28. Ne3 Qc5 29. Nd5 Qxc4 30. Bb3 Qd4 31. Re4 Qc5 32. Ne7+ Kg7 33. Nxg6 fxg6 34. Qxd3 Rxf2 35. Qd5 Qxd5 36. Bxd5 Rd2 37. Re7+ Kf6 38. Re6+ Kg5 39. Be4 Rxa2 40. Rxg6+ Kh5 41. Rg8 Nd7 42. Bf3# 1-0

[Event "St Petersburg White Nights op"]
[Site "St Petersburg"]
[Date "2007.06.26"]
[Round "2"]
[White "Androsov, Sergey"]
[Black "Mironovich, Mark"]
[Result "1-0"]
[WhiteElo "2101"]
[BlackElo "1946"]
[PlyCount "37"]
[EventDate "2007.06.25"]
[EventType "swiss"]
[EventRounds "9"]
[EventCountry "RUS"]
[SourceTitle "CBM 119 Extra"]
[Source "ChessBase"]
[SourceDate "2007.09.04"]
[SourceVersion "1"]
[SourceVersionDate "2007.09.04"]
[SourceQuality "1"]

1. e4 c5 2. Nf3 d6 3. d4 cxd4 4. Nxd4 Nf6 5. Nc3 g6 6. f4 Bg7 7. e5 dxe5 8. fxe5 Nd5 9. Bb5+ Kf8 10. 0-0 Nc6 11. Qf3 Bf5 12. Bxc6 bxc6 13. Nxf5 gxf5 14. Qxf5 f6 15. Nxd5 Qxd5 16. Be3 e6 17. Qh5 Ke7 18. exf6+ Bxf6 19. Bc5+ 1-0

[Event "St Petersburg Autumn op"]
[Site "St Petersburg"]
[Date "2006.11.07"]
[Round "8"]
[White "Stroganov, Anatoly"]
[Black "Mironovich, Mark"]
[Result "0-1"]
[WhiteElo "1898"]
[BlackElo "1955"]
[PlyCount "80"]
[EventDate "2006.10.31"]
[EventType "swiss"]
[EventRounds "9"]
[EventCountry "RUS"]
[SourceTitle "EXT 2007"]
[Source "ChessBase"]
[SourceDate "2006.11.23"]
[SourceVersion "1"]
[SourceVersionDate "2006.11.23"]
[SourceQuality "1"]

1. d4 d5 2. Nf3 Nf6 3. c4 c6 4. cxd5 cxd5 5. Nc3 Nc6 6. g3 Qb6 7. Bg2 Bg4 8. e3 e6 9. 0-0 Be7 10. b3 0-0 11. Bb2 h6 12. Rc1 Ne4 13. Na4 Qa5 14. a3 Rac8 15. b4 Qb5 16. h3 Bh5 17. g4 Bg6 18. Re1 Nb8 19. Bf1 Qe8 20. Rxc8 Qxc8 21. Ne5 Bh4 22. Re2 Bxf2+ 23. Rxf2 Nxf2 24. Kxf2 Bc2 25. Qf3 Bxa4 26. Bd3 Bc2 27. g5 Bxd3 28. Nxd3 Qc2+ 29. Qe2 Qxe2+ 30. Kxe2 hxg5 31. Ne5 Rc8 32. Kd3 f6 33. Nf3 Kf7 34. b5 Nd7 35. Nd2 Nb6 36. Bc3 Nc4 37. Nb1 Rh8 38. a4 Rxh3 39. a5 Rxe3+ 40. Kc2 g4 0-1

[Event "St Petersburg Autumn op"]
[Site "St Petersburg"]
[Date "2006.11.05"]
[Round "6"]
[White "Senkevich, Konstantin"]
[Black "Mironovich, Mark"]
[Result "1-0"]
[WhiteElo "2106"]
[BlackElo "1955"]
[PlyCount "105"]
[EventDate "2006.10.31"]
[EventType "swiss"]
[EventRounds "9"]
[EventCountry "RUS"]
[SourceTitle "EXT 2007"]
[Source "ChessBase"]
[SourceDate "2006.11.23"]
[SourceVersion "1"]
[SourceVersionDate "2006.11.23"]
[SourceQuality "1"]

1. e4 c5 2. Nf3 d6 3. c3 Nf6 4. Bb5+ Bd7 5. Bxd7+ Qxd7 6. d3 g6 7. 0-0 Bg7 8. Re1 0-0 9. d4 cxd4 10. cxd4 d5 11. e5 Ne4 12. Qb3 Nc6 13. Nbd2 Nxd2 14. Bxd2 e6 15. Rac1 f6 16. Bf4 fxe5 17. Bxe5 Rf5 18. Bxg7 Kxg7 19. Rxe6 Raf8 20. Re3 R8f7 21. Ne5 Nxe5 22. dxe5 Qe6 23. f3 Re7 24. Qc3 Qb6 25. Qc5 Re6 26. Qxb6 axb6 27. Rc7+ Rf7 28. Rxf7+ Kxf7 29. f4 Rc6 30. Rc3 d4 31. Rxc6 bxc6 32. b3 c5 33. Kf2 Ke6 34. Ke2 Kd5 35. Kd3 h5 36. g3 g5 37. fxg5 Kxe5 38. b4 cxb4 39. g6 Kf6 40. Kxd4 Kxg6 41. Ke5 Kg5 42. h3 b5 43. Kd5 Kf5 44. Kd4 Ke6 45. Kc5 Kf5 46. Kxb4 Ke4 47. Kxb5 Kf3 48. g4 hxg4 49. hxg4 Kxg4 50. a4 Kf5 51. a5 Ke6 52. Kb6 Kd7 53. Kb7 1-0

[Event "St Petersburg Autumn op"]
[Site "St Petersburg"]
[Date "2006.11.02"]
[Round "3"]
[White "Mironovich, Mark"]
[Black "Gorjunov, Sergey"]
[Result "1/2-1/2"]
[WhiteElo "1955"]
[BlackElo "2102"]
[PlyCount "116"]
[EventDate "2006.10.31"]
[EventType "swiss"]
[EventRounds "9"]
[EventCountry "RUS"]
[SourceTitle "EXT 2007"]
[Source "ChessBase"]
[SourceDate "2006.11.23"]
[SourceVersion "1"]
[SourceVersionDate "2006.11.23"]
[SourceQuality "1"]

1. d4 e6 2. c4 Nf6 3. Nc3 Bb4 4. Qc2 d5 5. a3 Bxc3+ 6. Qxc3 Ne4 7. Qc2 c5 8. dxc5 Nc6 9. Nf3 Qa5+ 10. Bd2 Qxc5 11. e3 Nxd2 12. Nxd2 a5 13. Rc1 0-0 14. Be2 f5 15. cxd5 Qxc2 16. Rxc2 exd5 17. Bf3 Rd8 18. 0-0 d4 19. Bxc6 bxc6 20. exd4 Rxd4 21. Nf3 Rd6 22. Rfc1 Bb7 23. Ne5 Rad8 24. f4 Rd2 25. Nc4 R2d5 26. Ne3 Rb5 27. Rd1 Rxd1+ 28. Nxd1 Rd5 29. Ne3 Rb5 30. Kf2 g6 31. Nc4 Rc5 32. Ne3 Rb5 33. Nd1 Rd5 34. Nc3 Rd4 35. Ke3 c5 36. g3 Rd8 37. Na4 Re8+ 38. Kf2 c4 39. Rxc4 Ba6 40. Rc2 h5 41. Nc3 Kg7 42. Rd2 Kh6 43. h4 Rb8 44. Na2 Rb3 45. Nc1 Rb6 46. Nd3 Bxd3 47. Rxd3 Rxb2+ 48. Ke3 Kg7 49. Kd4 Kf6 50. Kc3 Rb1 51. Kc2 Rb5 52. Rd6+ Kf7 53. Ra6 Rc5+ 54. Kb3 Rd5 55. Kc4 Rd2 56. Rb6 a4 57. Rb7+ Kf6 58. Rb6+ Kf7 1/2-1/2

[Event "St Petersburg Autumn op"]
[Site "St Petersburg"]
[Date "2006.10.31"]
[Round "1"]
[White "Mironovich, Mark"]
[Black "Rodkin, Felix"]
[Result "0-1"]
[WhiteElo "1955"]
[BlackElo "2171"]
[PlyCount "94"]
[EventDate "2006.10.31"]
[EventType "swiss"]
[EventRounds "9"]
[EventCountry "RUS"]
[SourceTitle "EXT 2007"]
[Source "ChessBase"]
[SourceDate "2006.11.23"]
[SourceVersion "1"]
[SourceVersionDate "2006.11.23"]
[SourceQuality "1"]

1. d4 d5 2. c4 e6 3. Nc3 Nf6 4. cxd5 exd5 5. Bg5 c6 6. Qc2 h6 7. Bh4 g6 8. e3 Bf5 9. Bd3 Bxd3 10. Qxd3 Nbd7 11. Nf3 Qe7 12. 0-0 Bg7 13. Rab1 a5 14. h3 0-0 15. Nd2 Rfe8 16. Rbc1 Qe6 17. Bg3 Ne4 18. Ncxe4 dxe4 19. Qc4 a4 20. Qxe6 Rxe6 21. Nc4 Bf8 22. Bc7 Ra6 23. Rc2 b5 24. Ne5 Nf6 25. Bd8 Nd5 26. a3 f6 27. Nxg6 Ra8 28. Nxf8 Kxf8 29. Bxf6 Rxf6 30. Rfc1 Ra6 31. Rc5 Ke8 32. f3 exf3 33. gxf3 Rxf3 34. Rxc6 Rxc6 35. Rxc6 Rxh3 36. Rc5 Nxe3 37. Rxb5 Nd1 38. Rb4 h5 39. Rxa4 h4 40. d5 Ne3 41. Re4+ Kd7 42. Kf2 Nf5 43. Rf4 Nh6 44. Kg2 Rg3+ 45. Kh2 Ng4+ 46. Kh1 h3 47. a4 Rg2 0-1

[Event "Autumn on Petrograd Side"]
[Site "St Petersburg"]
[Date "2006.09.20"]
[Round "3"]
[White "Mironovich, Mark"]
[Black "Glazov, Anatoly"]
[Result "1-0"]
[WhiteElo "1976"]
[BlackElo "2011"]
[PlyCount "115"]
[EventDate "2006.09.18"]
[EventType "swiss"]
[EventRounds "9"]
[EventCountry "RUS"]
[SourceTitle "EXT 2022"]
[Source "ChessBase"]
[SourceDate "2021.10.06"]
[SourceVersion "1"]
[SourceVersionDate "2021.10.06"]
[SourceQuality "1"]

1. d4 Nf6 2. c4 c6 3. Nf3 d5 4. e3 Ne4 5. Qc2 Nd7 6. Nc3 Ndf6 7. Bd3 Nxc3 8. bxc3 g6 9. cxd5 cxd5 10. Ne5 Bg7 11. Bb5+ Nd7 12. Nd3 0-0 13. 0-0 Nb6 14. Nf4 a6 15. Be2 e5 16. dxe5 Bxe5 17. Nd3 Bf5 18. Qb3 Bc7 19. Ba3 Re8 20. Bc5 Nd7 21. Bd4 b6 22. Rfd1 Nf6 23. Nb4 Ne4 24. g3 Be6 25. Nxa6 Rxa6 26. Bxa6 Qg5 27. Bf1 Bg4 28. Bg2 Bxd1 29. Rxd1 Qf5 30. Qc2 Nxg3 31. Qxf5 Nxf5 32. Bxd5 Rd8 33. Bb3 Nh4 34. Bf6 Nf3+ 35. Kg2 Rxd1 36. Bxd1 Nxh2 37. f4 h5 38. Kxh2 Kh7 39. Bf3 Kh6 40. Bd5 g5 41. Bxg5+ Kg6 42. Be4+ f5 43. Bd5 Bd6 44. Kg3 Ba3 45. Bd8 b5 46. Bc6 b4 47. cxb4 Bxb4 48. Be8+ Kh6 49. Bg5+ Kg7 50. Bxh5 Ba3 51. Kf3 Kh7 52. e4 fxe4+ 53. Kxe4 Kg7 54. Kf5 Kh7 55. Ke6 Bc1 56. a4 Bd2 57. Kd5 Kg7 58. Kc6 1-0

[Event "St Petersburg White Nights op"]
[Site "St Petersburg"]
[Date "2005.06.20"]
[Round "3"]
[White "Kopasov, Evgeny Aleksandrovi"]
[Black "Mironovich, Mark"]
[Result "1/2-1/2"]
[WhiteElo "2120"]
[BlackElo "1973"]
[PlyCount "95"]
[EventDate "2005.06.18"]
[EventType "swiss"]
[EventRounds "9"]
[EventCountry "RUS"]
[SourceTitle "CBM 106 Extra"]
[Source "ChessBase"]
[SourceDate "2005.07.01"]
[SourceVersion "1"]
[SourceVersionDate "2005.07.01"]
[SourceQuality "1"]

1. d4 d5 2. c4 c6 3. Nf3 Nf6 4. Nc3 e6 5. Bg5 h6 6. Bh4 dxc4 7. e4 g5 8. Bg3 b5 9. Be2 Bb7 10. h4 g4 11. Ne5 h5 12. 0-0 Nbd7 13. Qc2 Bg7 14. Rad1 0-0 15. f3 Qb6 16. Bf2 Qc7 17. Nxd7 Qxd7 18. e5 gxf3 19. Bxf3 Ng4 20. Bxg4 hxg4 21. Qe2 f5 22. exf6 Rxf6 23. Qxg4 Raf8 24. Be3 Qf7 25. Rxf6 Qxf6 26. Ne4 Qf5 27. Qxf5 exf5 28. Nd6 Bc8 29. Nxc8 Rxc8 30. Kf2 Re8 31. d5 cxd5 32. Rxd5 Bxb2 33. Rxb5 c3 34. Rc5 Re4 35. g3 Ra4 36. Ke2 Rxa2 37. Kd3 Ba1 38. Rxf5 Rg2 39. Bf4 Bb2 40. Rc5 a5 41. Rxa5 c2 42. Rc5 c1Q 43. Bxc1 Bxc1 44. Rxc1 Rxg3+ 45. Ke2 Rg4 46. Rh1 Rf4 47. Ke3 Rf7 48. h5 1/2-1/2

[Event "St Petersburg White Nights op"]
[Site "St Petersburg"]
[Date "2005.06.18"]
[Round "1"]
[White "Gritsenko, Andrey"]
[Black "Mironovich, Mark"]
[Result "1-0"]
[WhiteElo "2240"]
[BlackElo "1973"]
[PlyCount "73"]
[EventDate "2005.06.18"]
[EventType "swiss"]
[EventRounds "9"]
[EventCountry "RUS"]
[SourceTitle "CBM 106 Extra"]
[Source "ChessBase"]
[SourceDate "2005.07.01"]
[SourceVersion "1"]
[SourceVersionDate "2005.07.01"]
[SourceQuality "1"]

1. e4 c5 2. c3 d5 3. exd5 Qxd5 4. d4 Nf6 5. Nf3 Bg4 6. Be2 e6 7. 0-0 Nc6 8. c4 Qd7 9. dxc5 Qxd1 10. Rxd1 Bxc5 11. Nc3 0-0 12. a3 Rfd8 13. Be3 Be7 14. b4 b6 15. Rac1 Rac8 16. h3 Bf5 17. g4 Rxd1+ 18. Rxd1 Be4 19. g5 Bxf3 20. Bxf3 Ne5 21. Bb7 Rc7 22. gxf6 Bxf6 23. Bg2 Nxc4 24. Nb5 Nxe3 25. fxe3 Rc2 26. Nxa7 Bg5 27. Rd3 Re2 28. e4 g6 29. Nc8 Re3 30. Rxe3 Bxe3+ 31. Kf1 Kf8 32. Ke2 Bg1 33. Kd3 Ke8 34. Kc4 Kd7 35. Na7 e5 36. Kd5 Bd4 37. Nc6 1-0